000 00884-am-a2200217-a-4500
001 000075692
003 AM-YEHGA
005 20250617121748.0
008 000403s1975 ru ||||| |||| 00| 0 rus d
040 _aAM-YeHGA
041 0 _arus
245 0 0 _aГагарин в Оренбурге :
_bВоспоминания, документы, вступления, очерки, фотографии /
_c[Сост.: А. Лазукин, А. Чернов].
260 _aЧелябинск :
_bЮж.-Урал. кн. изд-во,
_c1975.
300 _a128 с., 14 л. ил. :
_bил.
600 1 4 _aГагарин, Юрий Алексеевич,
_d1934-1968
650 1 4 _aЛетчики-космонавты СССР
700 1 _aЛазукин, Александр Николаевич
_eсост.
_4com
700 1 _aЧернов, А.
_eсост.
_4com
942 _2udc
_cBK
090 _c23111
999 _c22839
_d22839